| 000 | 01267nam a22004097a 4500 | ||
|---|---|---|---|
| 001 | BR2025004802 | ||
| 003 | BR-BrBNA | ||
| 005 | 20260219152526.0 | ||
| 008 | 260203b2026 bl.||||| |||| 00| 0 por d | ||
| 020 | _a978-85-7013-244-4 | ||
| 040 |
_aBR-BrBNA _bpor |
||
| 041 | _aPor | ||
| 072 | _aK01 | ||
| 072 | _aP40 | ||
| 072 | _aT01 | ||
| 090 | _bK01 BR2025004802 | ||
| 100 | 0 | _aMoraes, Osvaldo Luis Leal de (org.) | |
| 100 | 0 | _aLatjé, Andrea | |
| 100 | 0 | _aVieira, Ilma Célia Guimarães | |
| 100 | 0 | _aElias, Luis Antônio | |
| 100 | 0 | _aMarengo, José | |
| 100 | 0 | _aDavidovich, Luiz | |
| 110 | _aInstituto Brasileiro de Informação em Ciência e Tecnologia, Brasília, DF (Brazil) | ||
| 245 | _aMudanças climáticas no Brasil: estado da arte e fronteiras do conhecimento = Climate change and Brazil: state of the art and frontiers of knowledgment | ||
| 260 |
_aBrasília, DF (Brazil) _c2025 |
||
| 300 | _a496 p. | ||
| 500 | _ancludes Several Bibliography; 74 illus; 15 graphs; 2 tables | ||
| 650 | _aCLIMATOLOGIA | ||
| 650 | _aDESMATAMENTO | ||
| 650 | _aQUEIMADA | ||
| 650 | _aBIODIVERSIDADE | ||
| 650 | _aCI|ÊNCIA FLORESTAL | ||
| 650 | _aOCEANOGRAFIA | ||
| 650 | _aPOLUIÇÃO | ||
| 909 |
_a202602 _bSolange |
||
| 942 | _cBK | ||
| 999 |
_c340096 _d340096 |
||